[Event "34th Rilton Cup"]
[Site "Stockholm SWE"]
[Date "2005.01.04"]
[Round "8"]
[White "Ask,J"]
[Black "Azizi,H"]
[Result "1-0"]
[WhiteElo "2208"]
[BlackElo "2124"]

1.d4 d5 2.c4 Nc6 3.e3 e5 4.cxd5 Qxd5 5.Nc3 Bb4 6.Bd2 Bxc3 7.Bxc3 exd4 8.Ne2 Nge7
9.Nxd4 Nxd4 10.Qxd4 Qxd4 11.Bxd4 f6 12.Bc4 Nc6 13.Bc3 Bd7 14.f4 O-O-O 15.Kf2 Bf5
16.g4 Be4 17.Rhg1 h6 18.h4 Bd5 19.Bxd5 Rxd5 20.Rad1 Rd7 21.Kf3 Re7 22.Rd5 a6
23.Rh5 Rhe8 24.Re1 Nd8 25.g5 fxg5 26.hxg5 hxg5 27.Rxg5 Ne6 28.Rg6 Rf7 29.Reg1 Ree7
30.Rh1 Kd7 31.Rh8 b6 32.Rg8 a5 33.Kg4 Nf8 34.R6xg7 Ne6 35.Rxf7 Rxf7 36.f5 Nc5
37.Rg7 Rxg7+ 38.Bxg7 Ke7 39.Bd4 Nd3 40.Kf3 c5 41.Bc3 b5 42.Ke4 c4 43.Kd5 a4
44.a3 Kd7 45.e4 Nf2 46.e5 Nd1 47.e6+ Ke8 48.Bd4  1-0

[Event "TCh-BEL 2004-5"]
[Site "Belgium BEL"]
[Date "2005.01.09"]
[Round "6"]
[White "Vanderhallen,N"]
[Black "Zaragatski,I"]
[Result "0-1"]
[WhiteElo "2082"]
[BlackElo "2334"]

1.d4 d5 2.c4 Nc6 3.cxd5 Qxd5 4.e3 e5 5.Nc3 Bb4 6.Bd2 Bxc3 7.bxc3 Nf6 8.f3 O-O
9.e4 Qd6 10.d5 Nb8 11.c4 Na6 12.Bd3 Nc5 13.Be3 c6 14.Ne2 b6 15.Rc1 Ba6 16.Bb1 cxd5
17.cxd5 Nh5 18.O-O Nf4 19.Bxf4 exf4 20.Re1 Bxe2 21.Qxe2 Qe5 22.Qd2 Rad8 23.Qc3 f6
24.Qxe5 fxe5 25.Rc3 Kf7 26.Kf2 Ke7 27.Rec1 Kd6 28.Bd3 g5 29.h3 h5 30.Bb5 g4
31.hxg4 hxg4 32.Rh1 Rh8 33.Rxh8 Rxh8 34.Bf1 Rh1 35.Ke2 gxf3+ 36.gxf3 Rh2+
37.Kd1 Rxa2 38.Bd3 Rb2 39.Kc1 Rb4 40.Kd2 a5 41.Be2 Rb2+ 42.Rc2 Nb3+ 43.Kc3 Rxc2+
44.Kxc2 Nd4+ 45.Kd2 Kc5 46.Bd1 b5 47.Kc3 b4+ 48.Kb2 Kb5 49.Ka2 a4 50.Kb2 a3+
51.Ka2 Kc5 52.Kb1 b3 53.Kc1 a2 54.Kb2 Nc2  0-1

[Event "Open"]
[Site "Geneva SUI"]
[Date "2005.01.28"]
[Round "7"]
[White "Riazantsev,A"]
[Black "Maze,S"]
[Result "1/2-1/2"]
[WhiteElo "2596"]
[BlackElo "2455"]

1.d4 d5 2.c4 Nc6 3.Nc3 Nf6 4.Nf3 dxc4 5.e3 Bg4 6.Bxc4 e6 7.h3 Bh5 8.g4 Bg6
9.Nh4 Be4 10.O-O Bb4 11.f3 Bd5 12.Be2 Bxc3 13.bxc3 Ne4  1/2-1/2

[Event "ch-Kiev"]
[Site "Kiev UKR"]
[Date "2005.01.28"]
[Round "9"]
[White "Golichenko,I"]
[Black "Chichkin,V"]
[Result "1-0"]
[WhiteElo "2240"]
[BlackElo "2311"]

1.d4 d5 2.c4 Nc6 3.cxd5 Qxd5 4.e3 e5 5.Nc3 Bb4 6.Bd2 Bxc3 7.bxc3 Qd6 8.Bd3 Nge7
9.Ne2 O-O 10.O-O b6 11.f4 Bb7 12.Qc2 exd4 13.Bxh7+ Kh8 14.Bd3 dxe3 15.Rf3 Rfe8
16.Bxe3 Rad8 17.Rd1 Nf5 18.Bf2 Nb4 19.Rh3+ Kg8 20.cxb4 Qd5 21.Rf3 Qd6 22.Ng3 Bxf3
23.gxf3 g6 24.Ne4 Qe6 25.Qc3 Kf8 26.Ng5 Qd6 27.Nh7+ Ke7 28.Re1+ Kd7 29.Nf6+ Kc8
30.Nxe8 Qxf4 31.Bxf5+ gxf5 32.Qxc7+ Qxc7 33.Nxc7 Rg8+ 34.Kf1 Kxc7 35.Re7+  1-0

[Event "IMA2"]
[Site "Marianske Lazne CZE"]
[Date "2005.01.29"]
[Round "8"]
[White "Bronowicki,M"]
[Black "Rohrmueller,U"]
[Result "1/2-1/2"]
[WhiteElo "2200"]
[BlackElo "2241"]

1.d4 d5 2.c4 Nc6 3.cxd5 Qxd5 4.e3 e5 5.Nc3 Bb4 6.Bd2 Bxc3 7.bxc3 Nf6 8.f3 O-O
9.Qb3 Qd6 10.Bd3 Re8 11.Ne2 b6 12.O-O Bb7 13.Rad1 Na5 14.Qb4 c5 15.Qa3 e4
16.Bb5 Bc6 17.dxc5 Qxc5 18.Qxc5 bxc5 19.Bxc6 Nxc6 20.Bc1 Na5 21.Ng3 Nc4 22.Nxe4 Nxe4
23.fxe4 Rxe4 24.Rd7 f6 25.Rc7 Rd8 26.Rxc5 Rd3 27.Rf4 Rxf4 28.exf4 Rxc3 29.Bd2 Rc2
30.Bb4 g6 31.a4 a6 32.Rc6 Ne3 33.Rxc2 Nxc2 34.Bc3 Kf7 35.Kf2 Ke6 36.Ke2 Na3
37.Kd3 Kd5 38.Bxf6 Nc4 39.g4 Nb6 40.a5 Nc4 41.Bc3 Nd6 42.h3 h5 43.gxh5 gxh5
44.Bb4 Nf5 45.Bf8 Nd4 46.Bg7 Nf5 47.Bc3 Nd6 48.Ke3 Nf5+ 49.Kf3 Nh4+ 50.Ke3 Nf5+
51.Kd3  1/2-1/2

[Event "GM"]
[Site "Nancy FRA"]
[Date "2005.02.20"]
[Round "9"]
[White "Istratescu,A"]
[Black "Miladinovic,I"]
[Result "1/2-1/2"]
[WhiteElo "2617"]
[BlackElo "2611"]

1.d4 d5 2.c4 Nc6 3.e3 e6 4.Nc3 Nf6 5.Nf3 a6 6.Bd2 dxc4 7.Bxc4 Bd6 8.O-O O-O
9.h3 e5 10.dxe5 Nxe5 11.Nxe5 Bxe5 12.a4  1/2-1/2

[Event "Tch-FIN 2004-5"]
[Site "Finland FIN"]
[Date "2005.03.13"]
[Round "9"]
[White "Kanko,I"]
[Black "Franssila,T"]
[Result "0-1"]
[WhiteElo "2268"]
[BlackElo "2279"]

1.d4 d5 2.c4 Nc6 3.cxd5 Qxd5 4.e3 e5 5.Nc3 Bb4 6.Bd2 Bxc3 7.bxc3 Nf6 8.Qb3 Qd6
9.Bc1 Be6 10.Ba3 Bxb3 11.Bxd6 cxd6 12.axb3 O-O 13.Bd3 Nd5 14.Ne2 Rfe8 15.Kd2 Re7
16.b4 exd4 17.exd4 b6 18.Bc4 Nf6 19.Ng3 Rc7 20.Bd3 g6 21.Rhe1 Rac8 22.Ba6 Rb8
23.Ra3 b5 24.Ne4 Nxe4+ 25.Rxe4 Kf8 26.f4 Rb6 27.Re1 d5 28.Kd3 Nb8 29.Rea1 Rcc6
30.Bxb5 Rxb5 31.Rxa7 Rcb6 32.Rc7 Rb7 33.Rc8+ Ke7 34.Re1+ Kf6 35.Re5 Nd7 36.Rc6+ Kg7
37.Re8 Nf6 38.Rec8 Ra7 39.Rc5 Rab7 40.Rxb5 Rxb5 41.Rc5 Rb7 42.b5 Kf8 43.g4 Ke7
44.g5 Nh5 45.Ke3 Kd6 46.Rc6+ Ke7 47.Rc5 Rd7 48.c4 dxc4 49.Rxc4 Ng7 50.Rb4 Nf5+
51.Ke4 Nd6+ 52.Kd3 Rb7  0-1

[Event "ch-FAI"]
[Site "Oyrarbakka ch-FAI"]
[Date "2005.03.20"]
[Round "3"]
[White "Samuelsen,C"]
[Black "Simonsen,O"]
[Result "1/2-1/2"]
[WhiteElo "2238"]
[BlackElo "2254"]

1.d4 d5 2.c4 Nc6 3.Nf3 Bg4 4.Nc3 e6 5.Bf4 Bb4 6.Ne5 Nxe5 7.Bxe5 Bxc3+ 8.bxc3 f6
9.Bg3 c6 10.Qb3 Qd7 11.Rb1 b6 12.Qa4 Rd8 13.c5 Bf5 14.Rb2 b5 15.Qa6 Qc8 16.Qxa7 Qa8
17.Qxa8 Rxa8 18.Kd2 Nh6 19.e3 Kd7 20.Be2 Ra3 21.Bd1 Rha8 22.Bb3 Nf7 23.f3 Nd8
24.Re1 Nb7 25.e4 Bg6 26.exd5 exd5 27.Ke3 Re8+ 28.Kf2 Rxe1 29.Kxe1 Na5 30.Kd2  1/2-1/2

[Event "3rd ch-GER Internet Blitz GpA"]
[Site "playchess INT"]
[Date "2005.04.03"]
[Round "2.3"]
[White "Umansky,M"]
[Black "Gramlich,S"]
[Result "0-1"]
[WhiteElo "2477"]
[BlackElo "2064"]

1.d4 d5 2.c4 Nc6 3.Nf3 Bg4 4.cxd5 Bxf3 5.gxf3 Qxd5 6.e3 e5 7.Nc3 Bb4 8.Bd2 Bxc3
9.bxc3 Qd6 10.Bg2 Nge7 11.O-O O-O 12.Rb1 Rab8 13.Kh1 Ng6 14.Rg1 Nh4 15.Bf1 exd4
16.cxd4 Qd5 17.Rg3 f5 18.Rc1 Kh8 19.Bc4 Qd6 20.Qg1 f4 21.exf4 Nxd4 22.Bc3 c5
23.Rh3 Rxf4 24.Qg5 Nhxf3 25.Qh5 h6 26.Rd1 Ne5 27.Bb3 Qc6+ 28.f3 Nexf3 29.Bd5 Qa4
30.Rg1 Nxg1 31.Rg3 Qd7 32.Rxg1 Rf5  0-1

[Event "It C"]
[Site "Dos Hermanas ESP"]
[Date "2005.04.05"]
[Round "5"]
[White "Kononenko,T"]
[Black "Hidalgo Begines,P"]
[Result "1/2-1/2"]
[WhiteElo "2416"]
[BlackElo "2142"]

1.d4 d5 2.c4 Nc6 3.cxd5 Qxd5 4.e3 e5 5.Nc3 Bb4 6.Bd2 Bxc3 7.Bxc3 exd4 8.Ne2 Nf6
9.Nxd4 O-O 10.Be2 Nxd4 11.Qxd4 Qxd4 12.Bxd4 Be6 13.f3 Nd7 14.b4 b6 15.Kf2 c5
16.bxc5 bxc5 17.Bc3 c4 18.Rhd1 Nc5 19.e4 Rfd8 20.Ke3 Nd3 21.g4 a5 22.a4 Rdb8
23.Bxd3 cxd3 24.Rxd3 Rb3 25.Rad1 h6 26.Be1 Rab8 27.Bxa5 Ra8 28.Bc7 Rxd3+
29.Rxd3 Rxa4 30.h4 Rb4 31.Kf4 Rb3 32.Rd4 Kh7 33.h5 Ra3 34.Be5 Rb3 35.Kg3 Ra3
36.Bf4 Ra1 37.Be3 Ra3 38.Bd2 Rb3 39.g5 hxg5 40.Bxg5 Rb1 41.Be3 Rb3 42.Bd2 Rb2
43.Bf4 Rb5 44.e5 Rd5 45.Re4 Rd3 46.Re1 Bd5 47.Be3 Rc3 48.Kg4 Be6+ 49.Kg3 Bd5
50.Re2 Bc4 51.Bd4 Bxe2 52.Bxc3 g6 53.hxg6+ Kxg6 54.Kf4 Bd3  1/2-1/2

[Event "It D"]
[Site "Dos Hermanas ESP"]
[Date "2005.04.05"]
[Round "5"]
[White "Pereira Figueroa,M"]
[Black "Perez Perez,M"]
[Result "1-0"]
[WhiteElo "2089"]
[BlackElo "2048"]

1.d4 d5 2.c4 Nc6 3.e3 Nf6 4.Nf3 Bg4 5.Be2 e6 6.Nc3 Bb4 7.Bd2 O-O 8.Rc1 Ne7
9.Nb1 Bxd2+ 10.Nbxd2 Rc8 11.b4 a5 12.a3 c6 13.Ne5 Bxe2 14.Qxe2 Ne8 15.O-O f6
16.Nd3 axb4 17.axb4 Ng6 18.Qg4 f5 19.Qe2 Nf6 20.c5 Qc7 21.Nf3 Rce8 22.Qb2 f4
23.Nfe5 fxe3 24.f3 Nxe5 25.dxe5 Nh5 26.Qd4 Qf7 27.f4 g6 28.Qxe3 Ng7 29.g4 Qe7
30.Qg3 Rb8 31.Ne1 b6 32.Rf3 bxc5 33.bxc5 Qa7 34.Ra3 Qb7 35.Nd3 Ra8 36.Rca1 Rxa3
37.Rxa3 Rb8 38.Qe1 Qb5 39.Qc1 Ne8 40.Qc2 Nc7 41.Ra2 Qb7 42.Rb2 Nb5 43.Qg2 Kf7
44.Qh3 Kg8 45.f5 gxf5 46.gxf5 exf5 47.Rg2+ Kh8 48.Qxf5 Qe7 49.e6 Rf8 50.Qe5+ Qf6
51.e7  1-0

[Event "It C"]
[Site "Dos Hermanas ESP"]
[Date "2005.04.07"]
[Round "7"]
[White "Kononenko,T"]
[Black "Escobar Dominguez,D"]
[Result "1-0"]
[WhiteElo "2416"]
[BlackElo "2351"]

1.d4 d5 2.c4 Nc6 3.Nc3 Nf6 4.Bg5 Ne4 5.Nxe4 dxe4 6.d5 h6 7.Bd2 Nb8 8.Qc2 Bf5
9.g4 Bg6 10.Qb3 Qc8 11.Nh3 Nd7 12.Nf4 Bh7 13.h4 c6 14.g5 Qc7 15.g6 Bxg6 16.Nxg6 fxg6
17.Bh3 e5 18.dxe6 Nf6 19.O-O-O Bc5 20.Rhg1 Bxf2 21.Rxg6 Bxh4 22.Bb4 b5 23.Bd6 Qb7
24.Bf5 Rb8 25.Rxf6 Bg5+ 26.Kb1 Bxf6 27.Bg6+ Kd8  1-0

[Event "CES"]
[Site "Northeim GER"]
[Date "2005.04.15"]
[Round "3"]
[White "Erdogan,U"]
[Black "Karpatchev,A"]
[Result "0-1"]
[WhiteElo "2242"]
[BlackElo "2472"]

1.d4 d5 2.c4 Nc6 3.Nc3 dxc4 4.d5 Ne5 5.f4 Nd7 6.e4 Nb6 7.a4 a5 8.Be3 e6 9.Bxb6 cxb6
10.Bxc4 Bb4 11.Nf3 Nf6 12.Qe2 exd5 13.exd5+ Kf8 14.O-O Bg4 15.Qd3 g6 16.Kh1 Kg7
17.Nd4 Rc8 18.Rac1 Re8 19.f5 Re5 20.fxg6 hxg6 21.Ndb5 Rh5 22.Rf4 Bf5 23.Qg3 Qd7
24.Be2 Rh7 25.Rh4 Rxh4 26.Qxh4 Ne4 27.Qf4 g5 28.Qe3 f6 29.Nxe4 Rxc1+ 30.Qxc1 Bxe4
31.d6 Bxd6 32.Qe3 Bc6 33.Qd4 Be5 34.Qxb6 Qd2 35.Qf2 Qxb2 36.Qf1 Qa1 37.Bd1 Qb2
38.Be2 Qa1 39.Bd1 Qb2 40.Be2 Qd2 41.Bd3 Qa2 42.Na7 Bd5 43.Nc8 Qa1 44.Qxa1 Bxa1
45.Ne7 Bb3 46.Nf5+ Kf8 47.Bb5 Be5 48.g4 Kf7 49.Bd7 Be6 50.Bb5 Bd5+ 51.Kg1 Ke6
52.h3 Bb3 53.Be8 Bc4 54.Kf2 Ba6 55.h4 gxh4 56.Nxh4 Kd5 57.Nf3 Bf4 58.Ne1 Kc5
59.Kf3 Bd2 60.Nc2 Bd3 61.Na3 Kb4 62.Nb5 Kxa4  0-1

[Event "CES"]
[Site "Northeim GER"]
[Date "2005.04.15"]
[Round "4"]
[White "Becker,Mart"]
[Black "Calder,D"]
[Result "1-0"]
[WhiteElo "2296"]
[BlackElo "2053"]

1.d4 d5 2.c4 Nc6 3.cxd5 Qxd5 4.e3 e5 5.Nc3 Bb4 6.Bd2 Bxc3 7.bxc3 Qd6 8.Bd3 Nf6
9.f3 O-O 10.Ne2 Re8 11.O-O e4 12.Bxe4 Nxe4 13.fxe4 Rxe4 14.Ng3 Rh4 15.e4 Na5
16.Qf3 Qg6 17.Nf5 Bxf5 18.exf5 Qh5 19.Qg3 Nc4 20.Bf4 c6 21.Rae1 Rg4 22.Qd3 b5
23.h3 Rh4 24.Bg3 g5 25.fxg6 hxg6 26.Bxh4 Qxh4 27.Re4 Qg5 28.Rfe1 a5 29.Re7 Rd8
30.Qf3 Qd5 31.Re8+ Rxe8 32.Rxe8+ Kg7 33.Qxd5 cxd5 34.Rb8 Na3 35.Rd8 Nb1 36.Rc8 b4
37.cxb4 axb4 38.Kf2 Kf6 39.Ke3 Ke6 40.Rb8 Nc3 41.Rxb4 Nxa2 42.Rb3 Nc1 43.Rb2 Ke7
44.Kd2  1-0

[Event "German Cup"]
[Site "Baden Baden GER"]
[Date "2005.04.16"]
[Round "1"]
[White "Dautov,R"]
[Black "Nuesken,N"]
[Result "1-0"]
[WhiteElo "2609"]
[BlackElo "2243"]

1.d4 d5 2.c4 Nc6 3.Nf3 Bg4 4.Nc3 Bxf3 5.exf3 e6 6.cxd5 exd5 7.Bb5 a6 8.Qe2+ Kd7
9.Ba4 b5 10.Bb3 Nxd4 11.Qd3 Nxb3 12.Qxd5+ Bd6 13.Qxf7+ Qe7+ 14.Qxe7+ Nxe7
15.axb3 Nf5 16.Be3 Rhe8 17.Ne4 Be5 18.O-O-O+ Kc6 19.Kb1 Rad8 20.Rxd8 Rxd8
21.Rc1+ Kb7 22.f4 Bd4 23.Rd1 Nxe3 24.fxe3 Bf6 25.Rxd8 Bxd8 26.Nc5+ Kb6 27.Ne6 Bf6
28.g4 h6 29.e4 g5 30.e5 Bh8 31.fxg5 hxg5 32.Nxg5 Bxe5 33.Nf7  1-0

[Event "Extraliga CZE 2004-5"]
[Site "Czech Rep CZE"]
[Date "2005.04.16"]
[Round "10"]
[White "Volosin,V"]
[Black "Klima,L"]
[Result "1/2-1/2"]
[WhiteElo "2281"]
[BlackElo "2489"]

1.d4 d5 2.c4 Nc6 3.e3 e5 4.cxd5 Qxd5 5.Nc3 Bb4 6.Bd2 Bxc3 7.bxc3 Nf6 8.Qb3 Qd6
9.Bc1 Be6 10.Qa3 exd4 11.Qxd6 cxd6 12.exd4 Kd7 13.Bd3  1/2-1/2

[Event "ch-SCG w"]
[Site "Pancevo SCG"]
[Date "2005.04.22"]
[Round "5"]
[White "Vasic,M"]
[Black "Stojanovic,An"]
[Result "1/2-1/2"]
[WhiteElo "2180"]
[BlackElo "2175"]

1.d4 d5 2.c4 Nc6 3.Nf3 Bg4 4.e3 e5 5.Be2 exd4 6.Nxd4 Bxe2 7.Nxe2 dxc4 8.Qa4 Bb4+
9.Bd2 Bxd2+ 10.Nxd2 Ne7 11.Rd1 Qd6 12.O-O O-O 13.Nxc4 Qe6 14.Ng3  1/2-1/2

[Event "Masters Open"]
[Site "Cutro ITA"]
[Date "2005.04.23"]
[Round "1"]
[White "Lacrosse,M"]
[Black "Miladinovic,I"]
[Result "0-1"]
[WhiteElo "2289"]
[BlackElo "2604"]

1.d4 d5 2.c4 Nc6 3.cxd5 Qxd5 4.e3 e5 5.Nc3 Bb4 6.Bd2 Bxc3 7.bxc3 Nf6 8.c4 Qd6
9.d5 Ne7 10.Qb3 O-O 11.Bb4 c5 12.dxc6 Qc7 13.Qa3 Re8 14.Bd6 Qd8 15.c7 Qd7
16.Rd1 Ng6 17.Be2 Qc6 18.Nf3 b6 19.O-O Bb7 20.c5 Ne4 21.Ba6 bxc5 22.Bxb7 Qxb7
23.Bxc5 Qxc7 24.Bd6 Qc6 25.Bb4 h6 26.Rc1 Qb7 27.Ba5 Ng5 28.Nxg5 hxg5 29.Rc7 Qa6
30.Qb3 Re6 31.Qb7 Qxb7 32.Rxb7 Ra6 33.Rb5 Rc8 34.a3 g4 35.Bb4 Rac6 36.Rd1 Rc1
37.Rd5 e4 38.Kf1 Ne5 39.Rd8+ Kh7 40.Rxc8  0-1

[Event "10th Open"]
[Site "Stuttgart GER"]
[Date "2005.05.05"]
[Round "1"]
[White "Braun,Kl"]
[Black "Karpatchev,A"]
[Result "0-1"]
[WhiteElo "2065"]
[BlackElo "2472"]

1.d4 d5 2.c4 Nc6 3.cxd5 Qxd5 4.e3 e5 5.Nc3 Bb4 6.Bd2 Bxc3 7.bxc3 Nf6 8.c4 Qd6
9.d5 Ne7 10.Qb3 Ne4 11.Rd1 Nxd2 12.Rxd2 O-O 13.Nf3 b6 14.Be2 Ng6 15.O-O Re8
16.Rc1 e4 17.Nd4 Nh4 18.f4 exf3 19.Nxf3 Nf5 20.Rc3 Bd7 21.Nd4 Nh4 22.Bf3 Re5
23.Qa3 Qf6 24.Rf2 Qg6 25.d6 Nxf3+ 26.Nxf3 Ra5 27.Qb4 Qxd6 28.Qxd6 cxd6 29.Rd3 Be6
30.Rxd6 Bxc4 31.Rdd2 Re8 32.Nd4 Rxe3 33.h3 g6 34.Nc6 Ra4 35.Kh2 Re8 36.Nd4 Rd8
37.Nb3 Rxd2 38.Rxd2 Rb4 39.Rd8+ Kg7 40.Nd4 Bxa2  0-1

[Event "ch-FRA National 1"]
[Site "Lille FRA"]
[Date "2005.05.06"]
[Round "9"]
[White "Eingorn,V"]
[Black "Miladinovic,I"]
[Result "1/2-1/2"]
[WhiteElo "2587"]
[BlackElo "2604"]

1.d4 d5 2.c4 Nc6 3.Nc3 Nf6 4.e3 Bf5 5.Nf3 e6 6.a3 a6 7.b4 dxc4 8.Bxc4 Bd6
9.Bb2 O-O 10.b5 Na5 11.Be2 axb5 12.Nxb5 Be7 13.Nc3 h6 14.O-O c5 15.a4 Qb6
16.Nb5 Rfd8 17.Rc1 Nc6 18.Qb3 Ne4 19.Rfd1 Qa5 20.Ra1 Nb4 21.Ne1 Nd5 22.Bf3 Nd2
23.Qa2 Nxf3+ 24.gxf3 Bg6 25.Qb3 Rdc8 26.dxc5 Bxc5 27.Nd3 Bf8 28.e4 Ne7 29.Ne5 Bh5
30.Rd7 Nc6 31.Bc3 Qb6 32.Kg2 Nxe5 33.Bxe5 Rc5 34.f4 Qc6 35.Rd4 Bg6 36.Re1  1/2-1/2

[Event "IM"]
[Site "Ostrava CZE"]
[Date "2005.05.06"]
[Round "7"]
[White "Michenka,J"]
[Black "Muzik,M"]
[Result "1-0"]
[WhiteElo "2348"]
[BlackElo "2317"]

1.d4 d5 2.c4 Nc6 3.Nf3 Bg4 4.Nc3 dxc4 5.d5 Bxf3 6.exf3 Ne5 7.Bf4 Nd3+ 8.Bxd3 cxd3
9.Nb5 e5 10.Bxe5 Bb4+ 11.Kf1 Kf8 12.Qxd3 Bd6 13.Nxd6 cxd6 14.Qa3 Nf6 15.Bxd6+ Kg8
16.Rd1 Qd7 17.Kg1 h5 18.h4 Rh6 19.Bf4 Rg6 20.d6 Qf5 21.Bg3 a6 22.Kh2 Rd8
23.Rd4 Rd7 24.Rc1 Kh7 25.Rc5 Qb1 26.Qb3 Kg8 27.Rd1  1-0

[Event "GM"]
[Site "Ostrava CZE"]
[Date "2005.05.06"]
[Round "7"]
[White "Dydyshko,V"]
[Black "Klima,L"]
[Result "1-0"]
[WhiteElo "2549"]
[BlackElo "2489"]

1.d4 d5 2.c4 Nc6 3.cxd5 Qxd5 4.e3 e5 5.Nc3 Bb4 6.Bd2 Bxc3 7.bxc3 Nf6 8.f3 O-O
9.Ne2 Qd6 10.Qc2 Re8 11.Rd1 exd4 12.cxd4 Nb4 13.Qb1 a5 14.e4 Bd7 15.Bf4 Qe7
16.a3 Nc6 17.Nc3 Qxa3 18.Nb5 Qb4+ 19.Kf2 Nh5 20.Bxc7 Qe7 21.Bg3 f5 22.Bc4+ Kh8
23.exf5 Qe3+ 24.Kf1 Rf8 25.Nd6 Qh6 26.Kf2 Nxg3 27.hxg3 Qxd6 28.Rxh7+ Kxh7
29.Rh1+ Qh6 30.f6+ Kh8 31.Rxh6+ gxh6 32.Qg6  1-0

[Event "23rd Liechtenstein Open"]
[Site "Triesen LIE"]
[Date "2005.05.06"]
[Round "8"]
[White "Peredy,F"]
[Black "Spanton,T"]
[Result "1-0"]
[WhiteElo "2290"]
[BlackElo "2026"]

1.d4 d5 2.c4 Nc6 3.Nc3 e5 4.cxd5 Nxd4 5.e3 Nf5 6.Nf3 Bd6 7.e4 Nfe7 8.Bb5+ Bd7
9.Qb3 Rb8 10.Be3 b6 11.Qa4 Ra8 12.Qc4 Nf6 13.Bg5 Bxb5 14.Nxb5 Nd7 15.Rc1 O-O
16.O-O h6 17.Bd2 f5 18.exf5 Nxf5 19.Rfe1 Qf6 20.b4 g5 21.Qe4 Rac8 22.Nxa7 Ra8
23.Nb5 Rxa2 24.Nxc7 Nd4 25.Nxd4 Bxc7 26.Ne6 Rxd2 27.Nxf8 Nxf8 28.Rxc7 Rd4
29.Qe3 Rxd5 30.h3 Qd6 31.Qf3 Nd7 32.Rec1 e4 33.Rc8+ Kg7 34.Qxe4 Rd1+ 35.Rxd1 Qxd1+
36.Kh2 Qd6+ 37.g3 Nf6 38.Qf5 Nh5 39.Ra8 Qe7 40.b5 Nxg3 41.Kxg3 Qc7+ 42.Kg2  1-0

[Event "Torch Real Estate Cup"]
[Site "Wuxi CHN"]
[Date "2005.05.08"]
[Round "7"]
[White "Zhang Ziyang"]
[Black "Al Modiahki,M"]
[Result "1-0"]
[WhiteElo "2209"]
[BlackElo "2569"]

1.d4 d5 2.c4 Nc6 3.Nf3 e5 4.Nxe5 Nxe5 5.dxe5 d4 6.Nd2 Ne7 7.g3 Nc6 8.f4 Bf5
9.Bg2 Nb4 10.Be4 Bxe4 11.Nxe4 d3 12.exd3 Qd4 13.Ke2 O-O-O 14.Be3 Qxb2+ 15.Qd2 Nxd3
16.Qxb2 Nxb2 17.Rhc1 Be7 18.Rab1 Nd3 19.Rc3 Nb4 20.Rcb3 a5 21.a3 Nc2 22.Rxb7 Nxa3
23.Rb8+ Kd7 24.Rd1+ Kc6 25.Rdxd8 Rxd8 26.Rxd8 Bxd8 27.Kd3 Be7 28.f5 h6 29.g4 Nb1
30.f6 gxf6 31.exf6 Bf8 32.h4 a4 33.Bd4 a3 34.g5 a2 35.h5 hxg5 36.Nxg5 Bb4
37.Kc2 Nc3 38.Kb2 Ne2 39.h6 Nf4 40.h7 Ng6 41.Nxf7  1-0

[Event "Torch Real Estate Cup"]
[Site "Wuxi CHN"]
[Date "2005.05.12"]
[Round "11"]
[White "Wu Shaobin"]
[Black "Wu Wenjin"]
[Result "0-1"]
[WhiteElo "2513"]
[BlackElo "2535"]

1.d4 d5 2.c4 Nc6 3.cxd5 Qxd5 4.e3 e5 5.Nc3 Bb4 6.Bd2 Bxc3 7.Bxc3 exd4 8.Nf3 Bg4
9.Be2 O-O-O 10.Nxd4 Bxe2 11.Qxe2 Nxd4 12.Bxd4 Qxg2 13.O-O-O Ne7 14.Rhg1 Qc6+
15.Kb1 Nf5 16.Bxg7 Qe4+ 17.Kc1 Rxd1+ 18.Qxd1 Rd8 19.Qf1 Nxg7 20.Rxg7 Rd5
21.Qh3+ Kd8 22.Qg4 Rc5+ 23.Kd2 Rc2+ 24.Ke1 Qh1+ 25.Qg1  0-1

[Event "ch-UKR sf"]
[Site "Alushta UKR"]
[Date "2005.05.16"]
[Round "1"]
[White "Borzov,D"]
[Black "Shilin,D"]
[Result "0-1"]
[WhiteElo "2199"]
[BlackElo "2376"]

1.d4 Nc6 2.c4 d5 3.Nc3 dxc4 4.Nf3 Bg4 5.d5 Na5 6.e4 c6 7.Bf4 Nf6 8.dxc6 Nxc6
9.Bxc4 Qxd1+ 10.Rxd1 e5 11.Bg5 Bb4 12.Bxf6 Bxc3+ 13.bxc3 gxf6 14.Rb1 Na5
15.Bd5 Rc8 16.Kd2 b6 17.Kd3 Be6 18.Nd2 Bxd5 19.exd5 Ke7 20.g3 Rhd8 21.Rb5 Nb7
22.c4 Nd6 23.Rb4 b5 24.cxb5 Rc5 25.Rhb1 Nxb5 26.Ne4 Rcxd5+ 27.Ke3 a6 28.Ra4 f5  0-1

[Event "Capablanca Mem Elite"]
[Site "Havana CUB"]
[Date "2005.05.17"]
[Round "12"]
[White "Ivanchuk,V"]
[Black "Arencibia,W"]
[Result "1-0"]
[WhiteElo "2739"]
[BlackElo "2530"]

1.d4 d5 2.c4 Nc6 3.Nc3 dxc4 4.Nf3 Nf6 5.Bg5 a6 6.d5 Na7 7.e4 Nb5 8.Qa4 Bd7
9.Qxc4 Nxc3 10.bxc3 h6 11.Bf4 e6 12.Bxc7 exd5 13.exd5 Qe7+ 14.Be2 b5 15.Qd4 Qc5
16.Qe5+ Be7 17.d6 Qxe5 18.Nxe5 Nd5 19.dxe7 Nxc7 20.Bf3 Rc8 21.O-O Be6 22.Nc6 Bd7
23.Rfe1 h5 24.Na7 Rb8 25.Bc6  1-0

[Event "Chigorin CC"]
[Site "St Petersburg RUS"]
[Date "2005.05.17"]
[Round "2"]
[White "Afonin,S"]
[Black "Lychik,R"]
[Result "0-1"]
[WhiteElo "2148"]
[BlackElo "2050"]

1.d4 d5 2.c4 Nc6 3.Nc3 Nf6 4.Nf3 e6 5.Bg5 Bb4 6.e3 h6 7.Bh4 g5 8.Bg3 Ne4
9.Qc2 Nxg3 10.hxg3 Qf6 11.Nd2 Bd7 12.Be2 O-O-O 13.Bf3 Rhe8 14.g4 dxc4 15.Nxc4 e5
16.d5 Nd4 17.exd4 exd4+ 18.Kf1 dxc3 19.b3 c6 20.Ne3 Bc5 21.dxc6 Bxc6 22.Bxc6 bxc6
23.Nc4 Rd2  0-1

[Event "48th TCh-SCG"]
[Site "Herceg Novi SCG"]
[Date "2005.05.18"]
[Round "4"]
[White "Blagojevic,D"]
[Black "Ostojic,N"]
[Result "1/2-1/2"]
[WhiteElo "2549"]
[BlackElo "2437"]

1.d4 d5 2.c4 Nc6 3.Nc3 dxc4 4.Nf3 Nf6 5.e3 e5 6.Bxc4 exd4 7.exd4 Bd6 8.Qe2+ Qe7
9.Qxe7+ Nxe7 10.O-O c6 11.Re1 h6 12.Ne5 O-O 13.Bf4 Nf5 14.Rad1 g5 15.Bc1 Kg7
16.h3 Bc7 17.Kf1 Be6 18.Bxe6 fxe6 19.Nd3 Bb6 20.Na4 Bxd4 21.Nac5 Bxc5 22.Nxc5 Kf7
23.Nxb7 Nd5 24.b3 Rfe8 25.Na5 Rac8 26.Ba3 c5 27.Rc1 Nb4 28.Bxb4 cxb4 29.Nc6 a5
30.Nxa5 Rxc1 31.Rxc1 Ra8 32.Rc5 Ne7 33.Ke2 Nd5 34.Kf3 Kf6 35.g3 Nc3 36.Nc6 Rxa2
37.Ra5 Ra3 38.Kg4 Rxb3 39.Ra6 Ra3 40.Nxb4 Rxa6 41.Nxa6 Kg6 42.Nc5 e5 43.Kf3 Kf5
44.g4+ Kg6 45.Nd7 e4+ 46.Ke3 h5 47.Nc5 h4 48.Kd4 Ne2+ 49.Kxe4  1/2-1/2

[Event "Open"]
[Site "Znojmo CZE"]
[Date "2005.05.19"]
[Round "6"]
[White "Simecek,B"]
[Black "Van der Laan,D"]
[Result "0-1"]
[WhiteElo "2109"]
[BlackElo "2251"]

1.d4 d5 2.c4 Nc6 3.Nf3 Bg4 4.cxd5 Bxf3 5.gxf3 Qxd5 6.e3 e5 7.Nc3 Bb4 8.Bd2 Bxc3
9.bxc3 Qd6 10.Rb1 b6 11.f4 exf4 12.e4 Nge7 13.Qf3 O-O 14.Bxf4 Qa3 15.Be2 Qxa2
16.O-O f5 17.d5 Na5 18.Bd3 Rf6 19.exf5 Nxf5 20.d6 c6 21.d7 Qf7 22.Rbd1 Rd8
23.Bg5 Nd4 24.Bxh7+ Kh8 25.Rxd4 Rxf3 26.Rh4 Qxd7 27.Be4+ Kg8 28.Bxf3 Re8
29.Rg4 Rf8 30.Rd1 Qe6 31.Rg3 Rxf3 32.Rd8+  0-1

[Event "Open"]
[Site "Znojmo CZE"]
[Date "2005.05.20"]
[Round "7"]
[White "Bartos,J"]
[Black "Bukal,V jr"]
[Result "0-1"]
[WhiteElo "2293"]
[BlackElo "2405"]

1.d4 d5 2.c4 Nc6 3.e3 e5 4.dxe5 d4 5.exd4 Qxd4 6.Qxd4 Nxd4 7.Bd3 Bg4 8.h3 Bh5
9.Be3 O-O-O 10.Nc3 Nc6 11.Bf5+ Kb8 12.f4 f6 13.g4 Bg6 14.Bxg6 hxg6 15.Nf3 Bb4
16.Ke2 fxe5 17.Nxe5 Nxe5 18.fxe5 Bxc3 19.bxc3 Re8 20.Raf1 Ne7 21.Rf7 Nc6
22.Bd4 Nxe5 23.Bxe5 Rxe5+ 24.Kf3 g5 25.h4 a5 26.h5 Rhe8 27.Rxg7 Re3+ 28.Kf2 Re2+
29.Kf1 Re1+ 30.Kg2 R8e2+ 31.Kf3 Re3+ 32.Kf2 R1e2+ 33.Kf1 Re1+ 34.Kf2 R1e2+
35.Kf1 Rxa2 36.Rd7 a4 37.h6 Ra1+ 38.Kf2 Rxh1 39.Kxe3 Rxh6 40.Rd2 Re6+ 41.Kf3 Rc6
42.Ke4 Rxc4+ 43.Kf5 Rc5+ 44.Kf6 b5  0-1

[Event "Chigorin CC"]
[Site "St Petersburg RUS"]
[Date "2005.05.21"]
[Round "6"]
[White "Toporov,V"]
[Black "Lychik,R"]
[Result "1-0"]
[WhiteElo "2107"]
[BlackElo "2050"]

1.d4 d5 2.c4 Nc6 3.cxd5 Qxd5 4.e3 e5 5.Nc3 Bb4 6.Bd2 Bxc3 7.bxc3 exd4 8.cxd4 Nf6
9.f3 O-O 10.Ne2 Re8 11.Kf2 Qf5 12.Ng3 Qd5 13.Bc3 a6 14.Bd3 b5 15.e4 Qd8 16.Bc2 b4
17.Bb2 a5 18.Ba4 Bd7 19.Re1 Ra6 20.Bc2 Rb6 21.Qd3 g6 22.Rad1 Na7 23.d5 Rd6
24.Bd4 Bb5 25.Qd2 Nc8 26.e5 Rxd5 27.exf6 Rxe1 28.Qh6 Rf1+ 29.Nxf1 Qf8 30.Qxf8+ Kxf8
31.Ne3 Rd7 32.Bc5+ Nd6 33.Re1 Kg8 34.Nd5 h5 35.Re7 Nb7 36.Rxd7 Bxd7 37.Be3 c5
38.Be4 Nd6 39.Bxc5 Ne8 40.Ne7+ Kh7 41.Nxg6 Nxf6 42.Nf8+ Kg7 43.Nxd7 Nxd7
44.Bd4+ f6 45.f4 Kf7 46.Bc6 Nb8 47.Bd5+ Ke7 48.Bf3 h4 49.Bb6 Kd6 50.Bxa5 Kc5
51.Bd8 f5 52.Bxh4 Kb5 53.Bd1 Nc6 54.Bf6 Na5 55.h4 Nb7 56.Be7 Kc4 57.h5 Kc3
58.h6 Kb2 59.Bxb4  1-0

[Event "VII Open"]
[Site "Salou ESP"]
[Date "2005.05.22"]
[Round "3"]
[White "Krivoshey,S"]
[Black "Ivanov,MM"]
[Result "1/2-1/2"]
[WhiteElo "2493"]
[BlackElo "2418"]

1.d4 d5 2.c4 Nc6 3.cxd5 Qxd5 4.e3 e5 5.Nc3 Bb4 6.Bd2 Bxc3 7.Bxc3 exd4 8.Ne2 Nf6
9.Nxd4 O-O 10.Nb5 Qg5 11.h4 Qg6 12.Nxc7 Rd8 13.Qa4 Rb8 14.Qf4 a6 15.Be2 Qxg2
16.Bf3 Qg6 17.h5 Qf5 18.Rg1 Qxf4 19.exf4 Ne8 20.Nd5 Kf8 21.h6 gxh6 22.O-O-O Be6
23.b3 b5 24.Kb2 b4 25.Bh8 Ne7 26.Nf6 Nxf6 27.Bg7+ Ke8 28.Bxf6 Rxd1 29.Rxd1 Rd8
30.Rxd8+ Kxd8 31.Be2 a5 32.Bd3 Kd7 33.Bxh7 Ng6 34.Bg7 h5 35.Bxg6 fxg6 36.Bf6 Bd5
37.f5 gxf5 38.f4 Be4 39.Kc1 Kc6 40.Bd8 Kd5 41.Kd2 a4 42.Ke3 Bb1 43.bxa4 Bxa2
44.a5 Kc4 45.a6 Bb1 46.a7 Be4 47.Bf6 Kb3 48.Kf2 Kc2 49.Kg3 Kd3 50.Kh4 Ke3
51.Be5 Bf3 52.Kg5 b3 53.Kxf5 h4 54.a8=Q Bxa8 55.Kg4 Bc6 56.Kxh4 Bd7 57.Kg5  1/2-1/2